|
|
|
|
| LEADER |
01182nam a2200265 a 4500 |
| 001 |
1599629 |
| 008 |
110917r20101995paua 001 0 eng |
| 010 |
|
|
|a 94061384
|
| 020 |
|
|
|a 8131500039
|
| 020 |
|
|
|a 9788131500033
|
| 020 |
|
|
|a 0030041988
|
| 040 |
|
|
|a DLC
|c DLC
|d BD-DhAAL
|
| 082 |
0 |
0 |
|a 616.07/9
|2 20
|
| 100 |
1 |
|
|a Tizard, Ian R.
|
| 245 |
1 |
0 |
|a Immunology :
|b an introduction /
|c Ian R. Tizard.
|
| 250 |
|
|
|a 4th ed., India
|
| 260 |
|
|
|a Philadelphia :
|b Saunders College Pub. ;
|a New Delhi :
|b Cengage Learning,
|c c1995 [reprinted 2010].
|
| 300 |
|
|
|a xvi, 544 p. :
|b ill. (some col.) ;
|c 29 cm.
|
| 504 |
|
|
|a Includes bibliographical references and index.
|
| 541 |
|
|
|e 00023410
|
| 650 |
|
0 |
|a Immunology.
|
| 852 |
1 |
|
|a Ayesha Abed Library
|c General shelf.
|
| 999 |
|
|
|c 11232
|d 11232
|
| 952 |
|
|
|0 0
|1 0
|2 ddc
|4 0
|6 616_079000000000000_TIZ
|7 0
|9 18009
|a BRACUL
|b BRACUL
|c GEN
|d 2011-09-17
|e Development Book Agency
|g 1045.00
|l 9
|m 44
|o 616.079 TIZ
|p 3010023410
|r 2025-12-09
|s 2025-07-25
|t 1
|w 2011-09-17
|y BK
|
| 952 |
|
|
|0 0
|1 0
|2 ddc
|4 0
|6 616_079000000000000_TIZ
|7 0
|9 18010
|a BRACUL
|b BRACUL
|c GEN
|d 2011-09-17
|e Development Book Agency
|g 1045.00
|l 9
|m 56
|o 616.079 TIZ
|p 3010023411
|r 2025-09-16
|s 2025-08-12
|t 2
|w 2011-09-17
|y BK
|